000 01139aam a2200313 i 4500
999 _c46563
_d46563
001 20211
003 CO-MdFUSB
005 20190322163207.0
008 190322t1977 enk||||| |||| 00| 0 eng d
020 _a0-281-03586-5
040 _aCO-MdFUSB
_bspa
_cCO-MdFUSB
_dCO-MdFUSBC
_erda
041 _aspa
082 0 4 _a231.3
_222
_bR183h
100 1 _aRamsey, Michael
_eautor
245 1 0 _aHoly Spirit
_b: A biblical study
_c/ Michael Ramsey
264 1 _aLondon :
_bSPCK,
_c[1977]
264 4 _c©1977
300 _a140 páginas
_c; 20 cm.
336 _atexto
_btxt
_2rdacontent
337 _2rdamedia
_asin mediación
_bn
338 _2rdacarrier
_avolumen
_bnc
490 _aSpck Classics
500 _aIncluye índice (páginas: 137-140)
501 _aRústico
505 0 _aEl Espíritu Santo - El Espíritu en la misión de Jesús - San Lucas: Nazaret, Jerusalén, Roma - El testigo de San Pablo - San Pablo: El Espíritu y la vida cristiana - Espíritu, confraternidad, iglesia - San Juan: Espíritu y gloria - San Lucas: El Paráclito - Otros escritores
563 _aRústico
650 0 _aEspíritu Santo
_950
942 _cBK